Statistics for Busted - 3AM - Lyrics

Click here to take the quiz!

General Stats

  • This quiz has been taken 11 times
  • The average score is 244 of 289

Answer Stats

Answer% Correct
a
100%
I
100%
i
100%
in
100%
no
100%
3am
90%
3AM
90%
about
90%
and
90%
at
90%
away
90%
be
90%
but
90%
calling
90%
can
90%
car
90%
change
90%
damn
90%
do
90%
dont
90%
don't
90%
door
90%
driving
90%
far
90%
get
90%
give
90%
happy
90%
hear
90%
heart
90%
here
90%
i'm
90%
I'm
90%
it
90%
just
90%
let
90%
mind
90%
more
90%
much
90%
my
90%
now
90%
outside
90%
right
90%
standing
90%
take
90%
that
90%
the
90%
think
90%
to
90%
walk
90%
wont
90%
won't
90%
you
90%
your
90%
again
80%
alone
80%
before
80%
cos
80%
like
80%
me
80%
mean
80%
night
80%
nothing
80%
shit
80%
want
80%
was
80%
way
80%
when
80%
yesterday
80%
cracking
70%
going
70%
is
70%
it's
70%
okay
70%
say
70%
they
70%
this
70%
up
70%
what
70%
are
60%
does
60%
end
60%
gonna
60%
how
60%
long
60%
need
60%
of
60%
see
60%
than
60%
that's
60%
time
60%
we
60%
words
60%
ahh
50%
meant
50%
some
50%
with
50%
scared
40%
shh
40%
you're
40%
can't
10%

Score Distribution

Percentile by Number Answered

Percent of People with Each Score

Your Score History

You have not taken this quiz